书目信息 |
| 题名: |
非营利组织管理
|
|
| 作者: | 黄波 , 吴乐珍 , 古小华 主编 | |
| 分册: | ||
| 出版信息: | 北京 中国经济出版社 2008 |
|
| 页数: | 204页 | |
| 开本: | 24cm | |
| 丛书名: | ||
| 单 册: | ||
| 中图分类: | C912.2 , F294.1 | |
| 科图分类: | ||
| 主题词: | 社会团体--管理 , 公用事业--管理 , 社会团体 , 公用事业 | |
| 电子资源: | ||
| ISBN: | 978-7-5017-8647-3 | |
| 000 | 00985nam0 2200301 45 | |
| 005 | 20100301113030.60 | |
| 010 | @a978-7-5017-8647-3@dCNY29.00 | |
| 100 | @a20100121d2008 em y0chiy0120 ea | |
| 101 | 0 | @achi |
| 102 | @aCN@b110000 | |
| 105 | @ay z 000yy | |
| 106 | @ar | |
| 200 | 1 | @a非营利组织管理@AFei Ying Li Zu Zhi Guan Li@f黄波,吴乐珍,古小华主编@FHuang Bo, Wu Le Zhen, Gu Xiao Hua Zhu Bian |
| 210 | @a北京@c中国经济出版社@d2008 | |
| 215 | @a204页@d24cm | |
| 330 | @a本书内容包括非营利组织的理论基础;非营利组织的战略管理、财务管理、人力资源管理、项目管理;非营利组织营销;非营利组织的评估等。 | |
| 606 | 0 | @a社会团体@x管理 |
| 606 | 0 | @a公用事业@x管理 |
| 606 | 0 | @a社会团体 |
| 606 | 0 | @a公用事业 |
| 610 | 0 | @a非营利组织 |
| 690 | @aC912.2@v4 | |
| 690 | @aF294.1@v4 | |
| 701 | 0 | @a黄波@AHuang Bo@4主编 |
| 701 | 0 | @a吴乐珍@AWu Le Zhen@4主编 |
| 701 | 0 | @a古小华@AGu Xiao Hua@4主编 |
| 801 | 0 | @aCN@bTANGWEI@c20100301 |
| 905 | @b0585049-53@dC912.2@e661@f5 | |
| 非营利组织管理/黄波,吴乐珍,古小华主编.-北京:中国经济出版社,2008 |
| 204页;24cm |
| ISBN 978-7-5017-8647-3:CNY29.00 |
| 本书内容包括非营利组织的理论基础;非营利组织的战略管理、财务管理、人力资源管理、项目管理;非营利组织营销;非营利组织的评估等。 |
| ● |
| 相关链接 |
|
|
|
|
正题名:非营利组织管理
索取号:C912.2/661
 
预约/预借
| 序号 | 登录号 | 条形码 | 馆藏地/架位号 | 状态 | 备注 |
| 1 | 0585049 | 205850499 | 第一样本阅览室/ [索取号:C912.2/661] | 在馆 | |
| 2 | 0585050 | 205850505 | 第一借阅区/ [索取号:C912.2/661] | 在馆 | |
| 3 | 0585051 | 205850514 | 密集书库-海洋学院/ [索取号:C912.2/661] | 在馆 | |
| 4 | 0585052 | 205850523 | 第一借阅区/ [索取号:C912.2/661] | 在馆 | |
| 5 | 0585053 | 205850532 | 第一借阅区/ [索取号:C912.2/661] | 在馆 |